<?xml version="1.0" encoding="UTF-8"?>
<record
    xmlns:xsi="http://www.w3.org/2001/XMLSchema-instance"
    xsi:schemaLocation="http://www.loc.gov/MARC21/slim http://www.loc.gov/standards/marcxml/schema/MARC21slim.xsd"
    xmlns="http://www.loc.gov/MARC21/slim">

  <leader>03041nam a2200241 a 4500</leader>
  <controlfield tag="001">ASIN1857435087</controlfield>
  <controlfield tag="005">20170105102901.0</controlfield>
  <controlfield tag="008">131011s2010    xxu                 eng d</controlfield>
  <datafield tag="020" ind1=" " ind2=" ">
    <subfield code="a">1857435087 (hardcover)</subfield>
    <subfield code="c">$340.00</subfield>
  </datafield>
  <datafield tag="020" ind1=" " ind2=" ">
    <subfield code="a">9781857435085 (hardcover)</subfield>
  </datafield>
  <datafield tag="040" ind1=" " ind2=" ">
    <subfield code="a">0</subfield>
  </datafield>
  <datafield tag="082" ind1=" " ind2=" ">
    <subfield code="2">327.51009051</subfield>
  </datafield>
  <datafield tag="245" ind1="1" ind2="0">
    <subfield code="a">Handbook of china's international relations /</subfield>
    <subfield code="c">Shaun Breslin.</subfield>
  </datafield>
  <datafield tag="250" ind1=" " ind2=" ">
    <subfield code="a">1st ed.</subfield>
  </datafield>
  <datafield tag="260" ind1=" " ind2=" ">
    <subfield code="a">[S.l.] :</subfield>
    <subfield code="b">Routledge,</subfield>
    <subfield code="c">2010.</subfield>
  </datafield>
  <datafield tag="300" ind1=" " ind2=" ">
    <subfield code="a">288 p. ;</subfield>
    <subfield code="c">25 cm.</subfield>
  </datafield>
  <datafield tag="490" ind1="1" ind2=" ">
    <subfield code="a">Routledge international handbooks.</subfield>
  </datafield>
  <datafield tag="520" ind1=" " ind2=" ">
    <subfield code="a">In a relatively short period of time, the study of China&#x2019;s international relations has gone from being a topic that interested a fairly small group of scholars and analysts to one that is close to &#x2013; if not actually at &#x2013; the centre of academic and policy agendas. Moreover, it is not just the importance of these relations that have changed, but also their type and scale. China&#x2019;s relations with the USA and questions of &#x2018;great power&#x2019; politics may continue to dominate, with relations with the rest of Asia coming a close second; but economic interactions, and their political consequences, with countries in Latin America, the Middle East and Africa are also becoming increasingly important, and have implications far beyond the price and distribution of key commodities. Following an introductory overview of the nature of China&#x2019;s international relations and diplomacy, this handbook is divided into three main sections: Part I: Ideas and Interests &#x2013; changes in theoretical thinking on international relations in China; how ideas are transmitted into the policy-making community; the role of public opinion. Part II: Issues &#x2013; major concerns and objectives that shape China&#x2019;s international relations; historical legacies; sovereignty; energy; human rights; peace-keeping and international responsibility; military modernization. Part III: Relations &#x2013; case studies of relations with the USA, Japan, East Asia, Europe, the Shanghai Co-operation Organization, the Middle East, Africa, Latin America, South Asia and Australasia. For some, China&#x2019;s rise suggests an inexorable momentum towards instability and conflict. Conversely, others (including most of the authors in this handbook) point to the steps China has taken to conform to existing norms and expectations of &#x2018;great power&#x2019; responsibility. In spite of these disagreements, there seems to be a growing consensus that how China defines and pursues its national interests will become the key determinant of how the global system evolves in the future. The editor, Shaun Breslin, is Professor of Politics and International Studies at the University of Warwick. He has published books on comparative politics, Mao Zedong, centre-local relations in China and, most recently, China and the global political economy. &#xA0;</subfield>
  </datafield>
  <datafield tag="700" ind1="1" ind2=" ">
    <subfield code="a">Breslin, Shaun.</subfield>
  </datafield>
  <datafield tag="830" ind1=" " ind2="0">
    <subfield code="a">Routledge international handbooks.</subfield>
  </datafield>
  <datafield tag="856" ind1="4" ind2="0">
    <subfield code="3">Amazon.com</subfield>
    <subfield code="u">http://www.amazon.com/exec/obidos/ASIN/1857435087/chopaconline-20</subfield>
  </datafield>
  <datafield tag="942" ind1=" " ind2=" ">
    <subfield code="2">ddc</subfield>
    <subfield code="c">REF</subfield>
  </datafield>
  <datafield tag="999" ind1=" " ind2=" ">
    <subfield code="c">14653</subfield>
    <subfield code="d">14653</subfield>
  </datafield>
  <datafield tag="952" ind1=" " ind2=" ">
    <subfield code="0">0</subfield>
    <subfield code="1">0</subfield>
    <subfield code="4">0</subfield>
    <subfield code="7">0</subfield>
    <subfield code="8">REF</subfield>
    <subfield code="a">CIPS</subfield>
    <subfield code="b">CIPS</subfield>
    <subfield code="c">REF</subfield>
    <subfield code="d">2013-09-13</subfield>
    <subfield code="l">0</subfield>
    <subfield code="o">327.51009051 HAN 2010</subfield>
    <subfield code="p">CIPS0001046</subfield>
    <subfield code="r">2013-10-11</subfield>
    <subfield code="w">2013-10-11</subfield>
    <subfield code="y">REF</subfield>
  </datafield>
</record>
